[Event "Alexandre Lesiege"]
[Site "Hull CAN"]
[Date "1998.12.15"]
[Round "3"]
[White "Cote, Jacques"]
[Black "Lacourse, Guy"]
[Result "1-0"]
[WhiteElo "2012"]
[BlackElo "1579"]
[PlyCount "123"]
[GameId "2160767911806052"]
[EventDate "1998.12.01"]
[EventType "swiss"]
[EventRounds "4"]
[EventCountry "CAN"]

1. e4 c5 2. Nf3 Nc6 3. d4 cxd4 4. Nxd4 e5 5. Nb5 d6 6. c4 Nf6 7. N1c3 Be7 8. Nd5 O-O 9. Nxf6+ gxf6 10. Bh6 Re8 11. Qf3 Bf8 12. Bxf8 Kxf8 13. O-O-O Re6 14. c5 a6 15. Nxd6 Nd4 16. Qa3 f5 17. Nxf5 Qg5+ 18. Ne3 Rc6 19. Kb1 f5 20. exf5 Nxf5 21. Nc4 Nd4 22. Nd6 Bf5+ 23. Bd3 Bxd3+ 24. Qxd3 Qg6 25. f4 Qxd3+ 26. Rxd3 Rxc5 27. fxe5 Nc6 28. Rf1+ Ke7 29. Rf7+ Ke6 30. Rxb7 Rf8 31. a3 Rf1+ 32. Ka2 Nxe5 33. Rd2 Rc6 34. Rxh7 Rfc1 35. Rh6+ Ke7 36. Nf5+ Kf7 37. Rxc6 Rxc6 38. h3 Kf6 39. Nd4 Rb6 40. Rf2+ Kg6 41. g4 Nd3 42. Rc2 Kg5 43. b4 Nf4 44. Rc5+ Kh4 45. Rc6 Rxc6 46. Nxc6 Kxh3 47. Kb3 Kxg4 48. Ka4 Kf5 49. Nb8 Ke6 50. Ka5 Kd6 51. Nxa6 Nd5 52. b5 Kd7 53. Nb4 Ne7 54. b6 Kc8 55. Kb5 Kb7 56. a4 Nc8 57. a5 Nd6+ 58. Kc5 Ne4+ 59. Kd4 Nd6 60. Kd5 Nc8 61. Kc5 Na7 62. a6+ 1-0

[Event "Alexandre Lesiege"]
[Site "Hull CAN"]
[Date "1998.12.15"]
[Round "3"]
[White "Gaudet, Alain"]
[Black "Gagnon, Fabien"]
[Result "0-1"]
[WhiteElo "1707"]
[BlackElo "2071"]
[PlyCount "72"]
[GameId "2160767911806053"]
[EventDate "1998.12.01"]
[EventType "swiss"]
[EventRounds "4"]
[EventCountry "CAN"]

1. e4 c5 2. Nf3 Nc6 3. d4 cxd4 4. Nxd4 g6 5. Nb3 Bg7 6. c3 Nf6 7. Bd3 O-O 8. O-O d5 9. exd5 Qxd5 10. Bc2 Rd8 11. Qxd5 Nxd5 12. N1d2 b6 13. Be4 f5 14. Bc2 Ba6 15. Re1 e5 16. Nf3 h6 17. h3 Rac8 18. Nbd2 e4 19. Nh4 Kh7 20. g3 Nxc3 21. bxc3 Bxc3 22. Rb1 Bxd2 23. Bxd2 Rxd2 24. Bb3 Nd4 25. Rbd1 Nxb3 26. axb3 Rxd1 27. Rxd1 Bd3 28. Ng2 Rc3 29. Nf4 Rxb3 30. Rc1 g5 31. Rc7+ Kg8 32. Ng6 Rb1+ 33. Kh2 Be2 34. Ne7+ Kf8 35. Ng6+ Ke8 36. Ne5 a5 0-1

[Event "Alexandre Lesiege"]
[Site "Hull CAN"]
[Date "1998.12.15"]
[Round "3"]
[White "Thibault, Mario"]
[Black "Arsenault, Michel"]
[Result "1/2-1/2"]
[WhiteElo "1746"]
[BlackElo "1858"]
[PlyCount "80"]
[GameId "2160767911806054"]
[EventDate "1998.12.01"]
[EventType "swiss"]
[EventRounds "4"]
[EventCountry "CAN"]

1. f4 c5 2. b3 d5 3. e3 e6 4. Bb2 Nf6 5. Nf3 Nc6 6. Bb5 Bd7 7. O-O Be7 8. Bxc6 Bxc6 9. Ne5 Qc7 10. d3 O-O 11. Nd2 Rad8 12. Qe1 Nd7 13. Qg3 f6 14. Nxc6 Qxc6 15. Rf3 b5 16. Qh4 Rf7 17. Rh3 Nf8 18. Nf3 a5 19. g4 d4 20. e4 c4 21. g5 g6 22. gxf6 Bxf6 23. Qg3 cxd3 24. cxd3 Qc2 25. Qf2 Qxd3 26. e5 Qf5 27. Rg3 Be7 28. Rd1 d3 29. Ba1 Nd7 30. Bb2 Bc5 31. Bd4 Be7 32. Be3 Rc8 33. Nd4 Qe4 34. Qd2 Bb4 35. Qxd3 Qxd3 36. Rxd3 Nc5 37. Rd1 Ne4 38. Rg2 Bc5 39. Rc1 Rd7 40. Rgc2 Rdc7 1/2-1/2

[Event "Alexandre Lesiege"]
[Site "Hull CAN"]
[Date "1998.12.15"]
[Round "3"]
[White "Thomann, Olivier"]
[Black "Lemieux, Richard"]
[Result "1-0"]
[WhiteElo "1789"]
[BlackElo "1631"]
[PlyCount "85"]
[GameId "2160767911806055"]
[EventDate "1998.12.01"]
[EventType "swiss"]
[EventRounds "4"]
[EventCountry "CAN"]

1. e4 e5 2. Nf3 Nc6 3. Bb5 a6 4. Ba4 b5 5. Bb3 Bb7 6. c3 Bc5 7. O-O d6 8. d4 exd4 9. cxd4 Bb6 10. Nc3 Nge7 11. Ng5 d5 12. Nxd5 Nxd5 13. Bxd5 Rf8 14. Nxh7 Rh8 15. Qf3 Qe7 16. Ng5 f6 17. Ne6 Nxd4 18. Nxd4 Bxd5 19. exd5 Qe5 20. Bf4 Qxd4 21. Rfe1+ Kf7 22. Rac1 Rae8 23. Be3 Qh4 24. h3 Qb4 25. Re2 Bxe3 26. Rxc7+ Kf8 27. fxe3 Re7 28. Rc8+ Re8 29. Rxe8+ Kxe8 30. Qf5 Qc5 31. Kf2 Rh4 32. Qe6+ Kf8 33. d6 Rf4+ 34. Kg3 Rf5 35. e4 Re5 36. Qd7 Qc4 37. Re3 Qc1 38. Qd8+ Kf7 39. Qc7+ Qxc7 40. dxc7 Rc5 41. Rc3 Rxc7 42. Rxc7+ Ke6 43. Rxg7 1-0

[Event "Alexandre Lesiege"]
[Site "Hull CAN"]
[Date "1999.01.05"]
[Round "4"]
[White "Lacourse, Guy"]
[Black "Legault, Stephane"]
[Result "1-0"]
[WhiteElo "1681"]
[BlackElo "1525"]
[PlyCount "75"]
[GameId "2160767911806056"]
[EventDate "1998.12.01"]
[EventType "swiss"]
[EventRounds "4"]
[EventCountry "CAN"]

1. d4 Nf6 2. c4 d5 3. cxd5 Nxd5 4. e4 Nb6 5. Nc3 a6 6. a4 Bd7 7. a5 Nc8 8. Bf4 e6 9. Qb3 Bc6 10. d5 exd5 11. exd5 Qe7+ 12. Nge2 Bb5 13. Nxb5 axb5 14. Qxb5+ c6 15. dxc6 Nxc6 16. a6 Qb4+ 17. Nc3 Bc5 18. Qxb4 Bxb4 19. Bb5 O-O 20. O-O Nd4 21. axb7 Rxa1 22. Rxa1 Nd6 23. Bxd6 Bxd6 24. Ra8 Nb3 25. Bd7 Rb8 26. Nb5 Be5 27. Na7 Nd4 28. b4 Kf8 29. b5 Ke7 30. Nc6+ Nxc6 31. bxc6 Bc7 32. Ra2 f6 33. Re2+ Kf8 34. Kf1 Bd6 35. Bc8 Bc7 36. Rd2 h6 37. Rd7 Bxh2 38. g3 1-0

[Event "Amos op"]
[Site "Amos CAN"]
[Date "1998.04.17"]
[Round "1"]
[White "Picard, Michel"]
[Black "Authier, Alain"]
[Result "0-1"]
[WhiteElo "1710"]
[BlackElo "1545"]
[PlyCount "90"]
[GameId "2160767911873482"]
[EventDate "1998.04.17"]
[EventType "swiss"]
[EventRounds "5"]
[EventCountry "CAN"]

1. e4 d6 2. d4 Nf6 3. Nc3 g6 4. Nf3 Bg7 5. Be2 O-O 6. h3 c5 7. Be3 cxd4 8. Nxd4 a6 9. Qd2 Nc6 10. O-O-O Qc7 11. f4 b5 12. Nxc6 Qxc6 13. e5 b4 14. Nd5 Nxd5 15. Qxd5 Qxd5 16. Rxd5 Bb7 17. Ra5 dxe5 18. fxe5 Bxg2 19. Rh2 Be4 20. Bc4 Rfc8 21. Bb3 Kf8 22. Rd2 Ke8 23. Rd4 Bf5 24. Rxb4 Bd7 25. a4 h5 26. h4 Bf5 27. c3 Rab8 28. Rxb8 Rxb8 29. Bc4 Bc8 30. Bd4 Kf8 31. b4 Bh6+ 32. Kc2 Bf5+ 33. Bd3 Bxd3+ 34. Kxd3 Bf4 35. Ke2 Bg3 36. Bf2 Bxf2 37. Kxf2 Rc8 38. Rxa6 Rxc3 39. Ra8+ Kg7 40. b5 f5 41. b6 Rb3 42. a5 Rb5 43. Rc8 Kf7 44. Rc7 Rxa5 45. Rc6 Rxe5 0-1

[Event "Amos op"]
[Site "Amos CAN"]
[Date "1998.04.18"]
[Round "2"]
[White "Authier, Alain"]
[Black "Claude, Georges"]
[Result "1-0"]
[WhiteElo "1545"]
[BlackElo "1401"]
[PlyCount "61"]
[GameId "2160767911873483"]
[EventDate "1998.04.17"]
[EventType "swiss"]
[EventRounds "5"]
[EventCountry "CAN"]

1. e4 g6 2. d4 Bg7 3. Nc3 c6 4. f4 Nf6 5. Nf3 d5 6. e5 Ne4 7. Nxe4 dxe4 8. Ng5 Bf5 9. Bc4 O-O 10. g4 Bd7 11. Be3 Qb6 12. Bb3 a5 13. a4 Na6 14. Nxe4 Nb4 15. Nc5 Rad8 16. Qf3 Nd5 17. Nxd7 Rxd7 18. O-O-O e6 19. g5 Ra8 20. h4 Bf8 21. h5 Rad8 22. Bxd5 cxd5 23. hxg6 fxg6 24. Rh4 Rc8 25. Qh3 Rdc7 26. Rd2 Ba3 27. bxa3 Qb3 28. Qxe6+ Kh8 29. Rxh7+ Kxh7 30. Rh2+ Kg7 31. Qf6+ 1-0

[Event "Amos op"]
[Site "Amos CAN"]
[Date "1998.04.19"]
[Round "4"]
[White "Authier, Alain"]
[Black "Brassard, Luc"]
[Result "0-1"]
[WhiteElo "1545"]
[BlackElo "1778"]
[PlyCount "120"]
[GameId "2160767911873484"]
[EventDate "1998.04.17"]
[EventType "swiss"]
[EventRounds "5"]
[EventCountry "CAN"]

1. e4 c5 2. f4 Nc6 3. Nf3 d6 4. Bc4 g6 5. d4 cxd4 6. Nxd4 Bg7 7. Be3 Nf6 8. Nc3 O-O 9. Nxc6 bxc6 10. Qd2 Qa5 11. a3 Rb8 12. Bb3 Bg4 13. O-O Rb7 14. h3 Be6 15. Bxe6 fxe6 16. b4 Qa6 17. Qd3 Qxd3 18. cxd3 a5 19. Rab1 axb4 20. Rxb4 Rxb4 21. axb4 Ng4 22. hxg4 Bxc3 23. Rc1 Bxb4 24. Rxc6 Kf7 25. Rb6 Bc3 26. g3 g5 27. fxg5 Kg6 28. Kg2 Ra8 29. Rb1 Ra3 30. Kf3 Be5 31. Rd1 d5 32. Bf4 Bd4 33. e5 Ra2 34. Rf1 Rc2 35. Be3 Bxe5 36. Rh1 Bg7 37. Rc1 Rxc1 38. Bxc1 Bd4 39. Ba3 Kf7 40. Kf4 e5+ 41. Kf3 e6 42. Bc1 Ke8 43. Kg2 Kd7 44. Bd2 e4 45. dxe4 dxe4 46. Bf4 Kc6 47. Kf1 Kd5 48. Ke2 Kc6 49. Be3 Bxe3 50. Kxe3 Kd5 51. Ke2 Kd4 52. Kd2 e3+ 53. Ke1 Ke4 54. Ke2 e5 55. g6 hxg6 56. g5 Kd4 57. Ke1 Kd3 58. Kd1 e2+ 59. Ke1 Ke3 60. g4 Kf3 0-1

[Event "Amos op"]
[Site "Amos CAN"]
[Date "1998.04.19"]
[Round "5"]
[White "Langlais, Daniel"]
[Black "Authier, Alain"]
[Result "0-1"]
[WhiteElo "1659"]
[BlackElo "1545"]
[PlyCount "114"]
[GameId "2160767911873485"]
[EventDate "1998.04.17"]
[EventType "swiss"]
[EventRounds "5"]
[EventCountry "CAN"]

1. d4 d6 2. c4 Nf6 3. Nc3 g6 4. e4 Bg7 5. Nge2 c5 6. d5 Nbd7 7. Ng3 O-O 8. Bd3 Ne5 9. O-O a6 10. f4 Nxd3 11. Qxd3 Nd7 12. Nce2 b5 13. Rb1 bxc4 14. Qxc4 a5 15. b3 Ba6 16. Qc2 Qb6 17. Kh1 Rab8 18. Bb2 Bxb2 19. Rxb2 a4 20. Rf3 a3 21. Rb1 c4 22. b4 Nc5 23. Rxa3 Nd3 24. h3 Nxb4 25. Rxb4 Qxb4 26. Rxa6 Qe1+ 27. Kh2 Rb1 28. Rc6 Rfb8 29. Qxc4 R8b2 30. Rc8+ Kg7 31. Qc3+ Qxc3 32. Nxc3 Rc1 33. Nge2 Rxe2 34. Nxe2 Rxc8 35. Kg3 Rc2 36. Nd4 Rc4 37. Nc6 Rxe4 38. Kf3 Re1 39. Kf2 Ra1 40. Nxe7 Rxa2+ 41. Kf3 Rd2 42. g4 Kf8 43. Ke3 Ra2 44. Nc6 Ra3+ 45. Ke4 Rxh3 46. Nd4 h5 47. gxh5 Rxh5 48. Nf3 Ke7 49. Nd4 Rh1 50. Nc6+ Kf6 51. Nd4 Re1+ 52. Kf3 Rd1 53. Ke4 Rxd4+ 54. Kxd4 Kf5 55. Ke3 Kg4 56. Ke4 f5+ 57. Ke3 Kg3 0-1

[Event "Atlantic Closed"]
[Site "Charlottetown CAN"]
[Date "1998.08.01"]
[Round "1"]
[White "Cooper, Aaron"]
[Black "McKim, Fred"]
[Result "1-0"]
[WhiteElo "1974"]
[BlackElo "2030"]
[PlyCount "43"]
[GameId "2160767911806846"]
[EventDate "1998.08.01"]
[EventType "tourn"]
[EventRounds "5"]
[EventCountry "CAN"]

1. e4 e5 2. Bc4 Nf6 3. d3 d6 4. Nc3 Be7 5. Nge2 Nc6 6. f4 exf4 7. Bxf4 Ne5 8. Bb3 Ng6 9. O-O Nxf4 10. Nxf4 c6 11. Qd2 Bd7 12. Rae1 Qa5 13. d4 O-O 14. e5 dxe5 15. dxe5 Ng4 16. e6 Bc5+ 17. Kh1 fxe6 18. Qxd7 Nf2+ 19. Rxf2 Bxf2 20. Nxe6 Rf7 21. Ng5 Bxe1 22. Qxf7+ 1-0

[Event "Atlantic Closed"]
[Site "Charlottetown CAN"]
[Date "1998.08.01"]
[Round "1"]
[White "Gulati, Justin"]
[Black "Saunders, Stephen"]
[Result "0-1"]
[WhiteElo "2159"]
[BlackElo "2025"]
[PlyCount "82"]
[GameId "2160767911806847"]
[EventDate "1998.08.01"]
[EventType "tourn"]
[EventRounds "5"]
[EventCountry "CAN"]

1. e4 c5 2. Nf3 d6 3. d4 cxd4 4. Nxd4 Nf6 5. Nc3 a6 6. Bg5 e6 7. f4 b5 8. e5 dxe5 9. fxe5 Qc7 10. exf6 Qe5+ 11. Be2 Qxg5 12. Bf3 Ra7 13. Nc6 Nxc6 14. Bxc6+ Bd7 15. fxg7 Qe5+ 16. Be4 Bxg7 17. Qe2 b4 18. Nd1 Bb5 19. Qe3 Rc7 20. Kf2 f5 21. Bd3 Bxd3 22. Qxd3 Qf4+ 23. Ke2 Qg4+ 24. Kf1 Qc4 25. Qxc4 Rxc4 26. Rc1 Bh6 27. b3 Rc6 28. Rb1 Rxc2 29. Rb2 Rc1 30. Ke2 Ke7 31. Rf1 Rhc8 32. Rf2 R1c5 33. Rb1 Rc2+ 34. Kd3 Rxf2 35. Nxf2 Rc3+ 36. Ke2 Rc2+ 37. Kf3 Rc3+ 38. Ke2 Rc2+ 39. Kf3 Rxa2 40. Nd3 a5 41. Ne5 Bg7 0-1

[Event "Atlantic Closed"]
[Site "Charlottetown CAN"]
[Date "1998.08.01"]
[Round "1"]
[White "Howarth, Anthony"]
[Black "Cooper, Aaron"]
[Result "1/2-1/2"]
[WhiteElo "2214"]
[BlackElo "1974"]
[PlyCount "114"]
[GameId "2160767911806848"]
[EventDate "1998.08.01"]
[EventType "tourn"]
[EventRounds "5"]
[EventCountry "CAN"]

1. Nf3 Nf6 2. g3 d5 3. c4 e6 4. Bg2 Be7 5. O-O O-O 6. b3 Nbd7 7. Bb2 c6 8. d3 Qc7 9. Nbd2 b6 10. Rc1 Bb7 11. Rc2 Rac8 12. Qa1 c5 13. cxd5 exd5 14. d4 Qb8 15. dxc5 Nxc5 16. Rfc1 Nce4 17. Nd4 Rxc2 18. Rxc2 Rc8 19. Qc1 Rxc2 20. Qxc2 Qc8 21. Qxc8+ Bxc8 22. Nxe4 Nxe4 23. e3 Bd7 24. Kf1 Bc5 25. Ke2 Kf8 26. f3 Nf6 27. Kd3 Ke7 28. g4 g6 29. a3 a5 30. a4 Ne8 31. Ne2 Kd6 32. Nc3 Nc7 33. e4 f5 34. gxf5 gxf5 35. e5+ Ke7 36. Bc1 Ke6 37. f4 Bc6 38. Ne2 Kf7 39. Nd4 Bd7 40. Be3 Kg6 41. Bf3 Ne6 42. Bxd5 Bxd4 43. Bxd4 Nxf4+ 44. Kc4 b5+ 45. axb5 Nxd5 46. Kxd5 Bxb5 47. e6 f4 48. Kc5 Be8 49. Kd6 Kf5 50. Ke7 Bc6 51. Kd6 Be8 52. Kd5 a4 53. bxa4 Bxa4 54. e7 f3 55. h4 Kg4 56. Bf2 h5 57. Ke4 Be8 1/2-1/2

[Event "Atlantic Closed"]
[Site "Charlottetown CAN"]
[Date "1998.08.01"]
[Round "1"]
[White "Mayo, Alvah"]
[Black "McKim, Fred"]
[Result "1-0"]
[WhiteElo "2088"]
[BlackElo "2030"]
[PlyCount "41"]
[GameId "2160767911806849"]
[EventDate "1998.08.01"]
[EventType "tourn"]
[EventRounds "5"]
[EventCountry "CAN"]

1. d4 Nf6 2. Nf3 g6 3. Bf4 d6 4. Nc3 Bg7 5. Qd2 c6 6. e4 O-O 7. h3 b5 8. Bd3 Ne8 9. O-O-O a5 10. Bh6 Nd7 11. h4 b4 12. Ne2 Ndf6 13. h5 Bxh6 14. Qxh6 Ng4 15. Qg5 f6 16. Qh4 g5 17. Nxg5 fxg5 18. Qxg5+ Kh8 19. Nf4 Rg8 20. Ng6+ hxg6 21. hxg6+ 1-0

[Event "Atlantic Closed"]
[Site "Charlottetown CAN"]
[Date "1998.08.02"]
[Round "2"]
[White "Cooper, Aaron"]
[Black "Gulati, Justin"]
[Result "1-0"]
[WhiteElo "1974"]
[BlackElo "2159"]
[PlyCount "65"]
[GameId "2160767911806850"]
[EventDate "1998.08.01"]
[EventType "tourn"]
[EventRounds "5"]
[EventCountry "CAN"]

1. e4 d6 2. d4 Nf6 3. Bd3 e5 4. c3 c6 5. Nf3 Qc7 6. O-O Bg4 7. Nbd2 Be7 8. a4 Nbd7 9. Nc4 O-O 10. Bg5 Rfe8 11. Ne3 Bh5 12. Nf5 Bf8 13. dxe5 Rxe5 14. Re1 Ree8 15. Ng3 Bg6 16. Qd2 d5 17. exd5 Nxd5 18. Rad1 Nc5 19. Bxg6 hxg6 20. a5 Nb3 21. Qc2 Nxa5 22. h4 Nc4 23. h5 gxh5 24. Rxe8 Rxe8 25. Nxh5 Ne5 26. Nd4 Ng4 27. Ng3 g6 28. Qd3 Bg7 29. Qf3 Ne5 30. Qe2 Qc8 31. Rc1 Nc7 32. Ne4 f5 33. Nd6 1-0

[Event "Atlantic Closed"]
[Site "Charlottetown CAN"]
[Date "1998.08.02"]
[Round "2"]
[White "Howarth, Anthony"]
[Black "McKim, Fred"]
[Result "1-0"]
[WhiteElo "2214"]
[BlackElo "2030"]
[PlyCount "106"]
[GameId "2160767911806851"]
[EventDate "1998.08.01"]
[EventType "tourn"]
[EventRounds "5"]
[EventCountry "CAN"]

1. Nf3 d5 2. g3 c6 3. Bg2 g6 4. c4 Bg7 5. O-O e6 6. d4 Ne7 7. Qc2 O-O 8. Rd1 b6 9. Bf4 dxc4 10. Qxc4 Ba6 11. Qc2 Nd7 12. Nc3 Nd5 13. Bd6 Nxc3 14. bxc3 Re8 15. h4 Rc8 16. Bf4 Qe7 17. h5 c5 18. hxg6 hxg6 19. Bg5 Bf6 20. Bxf6 Nxf6 21. Qb2 Bb7 22. Ne5 c4 23. Qd2 Kg7 24. Bxb7 Qxb7 25. f3 b5 26. Kg2 Rh8 27. Rh1 Qa8 28. Qf4 Rxh1 29. Rxh1 Rh8 30. g4 Rxh1 31. g5 Rh7 32. Qxf6+ Kg8 33. Qe7 Qf8 34. Qd7 Rh5 35. f4 Qa8+ 36. Kf2 Rh7 37. Qxb5 Rh2+ 38. Ke3 a6 39. Qd7 Rh3+ 40. Kd2 Qf8 41. Nxc4 Qb8 42. Qd6 Qb1 43. Qxa6 Rh1 44. Ke3 Rh3+ 45. Kd2 Qe4 46. Qd6 Rh2 47. Ne3 Rf2 48. Qe5 Qb1 49. Ng4 Qxa2+ 50. Ke1 Rg2 51. Nf6+ Kg7 52. Nh5+ Kf8 53. Qb8+ Ke7 1-0

[Event "Atlantic Closed"]
[Site "Charlottetown CAN"]
[Date "1998.08.02"]
[Round "2"]
[White "Saunders, Stephen"]
[Black "Mayo, Alvah"]
[Result "0-1"]
[WhiteElo "2025"]
[BlackElo "2088"]
[PlyCount "158"]
[GameId "2160767911806852"]
[EventDate "1998.08.01"]
[EventType "tourn"]
[EventRounds "5"]
[EventCountry "CAN"]

1. d4 d5 2. c4 e6 3. Nc3 Nf6 4. Bg5 Be7 5. cxd5 exd5 6. Qc2 c6 7. e3 Nbd7 8. Bd3 O-O 9. Nf3 Re8 10. O-O h6 11. Bh4 Nf8 12. Rab1 Ne4 13. Bxe7 Qxe7 14. b4 Bd7 15. Ne5 f6 16. Nxd7 Nxd7 17. b5 Nxc3 18. Qxc3 c5 19. dxc5 Qxc5 20. Qxc5 Nxc5 21. Bf5 Re5 22. Bg4 b6 23. Rfd1 Rd8 24. Bf3 Kf7 25. Rd4 Ke6 26. Rc1 Rd7 27. Kf1 Ke7 28. Ke2 Ne6 29. Ra4 d4 30. Bc6 Rc7 31. Rd1 dxe3 32. fxe3 Rc5 33. Re4 f5 34. Rb4 a5 35. Rb2 Nd8 36. Bf3 Rc2+ 37. Rxc2 Rxc2+ 38. Rd2 Rxd2+ 39. Kxd2 Kd6 40. Bh5 Ke5 41. Kd3 Ne6 42. Bf3 Nc5+ 43. Kc4 g5 44. h3 Nd7 45. g3 Nf6 46. g4 f4 47. exf4+ Kxf4 48. Bg2 Ke5 49. Bf3 Ne8 50. a4 Nd6+ 51. Kd3 Nf7 52. Bg2 Nd8 53. Kc4 Ne6 54. Bf3 Nf4 55. Bd1 Nxh3 56. Be2 Nf4 57. Bf3 Ne6 58. Be2 Nd4 59. Bd1 Ke4 60. Kc3 Kd5 61. Kd3 Ke5 62. Kc4 Ne6 63. Be2 Ng7 64. Bd1 Ne8 65. Be2 Nf6 66. Bd1 Kf4 67. Be2 Nxg4 68. Kd5 h5 69. Kc6 h4 70. Bf1 Ne3 71. Kxb6 Nxf1 72. Kxa5 Ne3 73. Ka6 Nf5 74. b6 Nd6 75. a5 h3 76. Ka7 h2 77. a6 h1=Q 78. b7 Qxb7+ 79. axb7 Nxb7 0-1

[Event "Atlantic Closed"]
[Site "Charlottetown CAN"]
[Date "1998.08.02"]
[Round "3"]
[White "Howarth, Anthony"]
[Black "Mayo, Alvah"]
[Result "1-0"]
[WhiteElo "2214"]
[BlackElo "2088"]
[PlyCount "69"]
[GameId "2160767911806853"]
[EventDate "1998.08.01"]
[EventType "tourn"]
[EventRounds "5"]
[EventCountry "CAN"]

1. Nf3 Nf6 2. g3 d5 3. Bg2 e6 4. O-O Nbd7 5. c4 c6 6. Qc2 Be7 7. d4 O-O 8. Nbd2 Re8 9. Rd1 Bf8 10. b3 Qc7 11. Bb2 b6 12. Ne5 Bb7 13. e4 Rac8 14. Rac1 Qb8 15. Qd3 Nxe5 16. dxe5 Nd7 17. Qc3 Red8 18. g4 a5 19. Qg3 Nc5 20. f4 dxc4 21. Nxc4 Qc7 22. f5 Rxd1+ 23. Rxd1 Rd8 24. Rxd8 Qxd8 25. Nd6 Ba6 26. Bf1 Bxf1 27. Kxf1 Bxd6 28. exd6 Nxe4 29. Qe5 Nf6 30. fxe6 fxe6 31. g5 Ne8 32. Qxe6+ Kf8 33. d7 Nc7 34. Qxc6 Na6 35. Bxg7+ 1-0

[Event "Atlantic Closed"]
[Site "Charlottetown CAN"]
[Date "1998.08.02"]
[Round "3"]
[White "McKim, Fred"]
[Black "Gulati, Justin"]
[Result "1/2-1/2"]
[WhiteElo "2030"]
[BlackElo "2159"]
[PlyCount "100"]
[GameId "2160767911806854"]
[EventDate "1998.08.01"]
[EventType "tourn"]
[EventRounds "5"]
[EventCountry "CAN"]

1. d4 g6 2. e4 Bg7 3. c4 d6 4. Nc3 Nc6 5. Be3 e5 6. d5 Nce7 7. g4 f5 8. gxf5 gxf5 9. Qh5+ Kf8 10. f4 Ng6 11. fxe5 Nxe5 12. Be2 Qe7 13. O-O-O Nf6 14. Qg5 Nfg4 15. Qxe7+ Kxe7 16. Bg5+ Bf6 17. Bxf6+ Kxf6 18. Bxg4 Nxg4 19. Rd2 Re8 20. Nh3 fxe4 21. Rf1+ Kg7 22. Re2 Ne5 23. Rg2+ Kh8 24. Ng5 h6 25. Nf7+ Nxf7 26. Rxf7 e3 27. Ne2 Rg8 28. Rxg8+ Kxg8 29. Re7 Bg4 30. Rxe3 Kf7 31. Nd4 Kf6 32. Nb5 Bd7 33. Nd4 a6 34. b4 Re8 35. Rxe8 Bxe8 36. Ne6 c6 37. dxc6 Bxc6 38. Nd4 Ke5 39. Nxc6+ bxc6 40. Kc2 Kd4 41. Kb3 d5 42. cxd5 cxd5 43. a4 Kd3 44. Kb2 Kd4 45. Kb3 h5 46. h4 Ke3 47. Kc2 d4 48. Kd1 Ke4 49. Kd2 Ke5 50. Ke2 Kd6 1/2-1/2

[Event "Atlantic Closed"]
[Site "Charlottetown CAN"]
[Date "1998.08.02"]
[Round "3"]
[White "Saunders, Stephen"]
[Black "Howarth, Anthony"]
[Result "1/2-1/2"]
[WhiteElo "2025"]
[BlackElo "2214"]
[PlyCount "98"]
[GameId "2160767911806855"]
[EventDate "1998.08.01"]
[EventType "tourn"]
[EventRounds "5"]
[EventCountry "CAN"]

1. d4 g6 2. c4 Bg7 3. e4 d6 4. Nc3 c5 5. Nge2 cxd4 6. Nxd4 Nc6 7. Be3 Nf6 8. Be2 O-O 9. O-O Bd7 10. Qd2 a5 11. f3 a4 12. Ndb5 Qa5 13. Rfd1 Rfc8 14. Rac1 Ne5 15. b3 a3 16. Bf1 Bxb5 17. Nxb5 Qxd2 18. Bxd2 Nc6 19. Bc3 Nd7 20. Bd3 Nc5 21. Bb1 Bxc3 22. Nxc3 Nb4 23. Bc2 Kf8 24. Kf1 Rc6 25. Ke2 e6 26. Bb1 Ke7 27. Rd2 Rca6 28. Rcd1 Nxb3 29. axb3 a2 30. Bxa2 Nxa2 31. Nb5 Rb6 32. Ke3 Raa6 33. h4 h6 34. g4 g5 35. hxg5 hxg5 36. Rh1 Nb4 37. Rhd1 Rc6 38. Nd4 Rc5 39. Nb5 d5 40. exd5 Nxd5+ 41. Kd4 Rac6 42. Na7 e5+ 43. Kd3 Ra6 44. Nb5 Nc7 45. Nc3 Rd6+ 46. Ke4 Rxd2 47. Rxd2 Ke6 48. Ra2 Ne8 49. Ra7 Nd6+ 1/2-1/2

[Event "Atlantic Closed"]
[Site "Charlottetown CAN"]
[Date "1998.08.03"]
[Round "4"]
[White "Gulati, Justin"]
[Black "Howarth, Anthony"]
[Result "1/2-1/2"]
[WhiteElo "2159"]
[BlackElo "2214"]
[PlyCount "105"]
[GameId "2160767911806856"]
[EventDate "1998.08.01"]
[EventType "tourn"]
[EventRounds "5"]
[EventCountry "CAN"]

1. e4 g6 2. d4 Bg7 3. Nc3 d6 4. Nf3 Nf6 5. Bc4 O-O 6. Qe2 c6 7. a4 Nxe4 8. Qxe4 d5 9. Bxd5 cxd5 10. Qxd5 Nc6 11. Be3 Bf5 12. Qxd8 Rfxd8 13. O-O-O Bg4 14. Ne2 Nb4 15. h3 Bf5 16. Ne1 Rac8 17. Rd2 Nd5 18. Ng3 Nxe3 19. fxe3 Bh6 20. Nxf5 gxf5 21. Rd3 Rc4 22. Kb1 Rxa4 23. Nf3 Bg7 24. c3 Rd6 25. Re1 b5 26. Nd2 h5 27. e4 fxe4 28. Nxe4 Rda6 29. Kc2 Ra1 30. Rde3 Rxe1 31. Rxe1 Re6 32. Kd1 Ra6 33. Kc2 Rc6 34. Kb3 Re6 35. Re2 h4 36. Kc2 f5 37. Ng3 Kf7 38. Rxe6 Kxe6 39. Ne2 Kd5 40. Kd3 e5 41. dxe5 Bxe5 42. b4 a6 43. Ng1 Bg7 44. Nf3 Bh6 45. Ne1 Ke5 46. Nf3+ Kf4 47. Nd4 Kg3 48. Nxf5+ Kxg2 49. c4 Kxh3 50. cxb5 axb5 51. Ke4 Bc1 52. Kd5 Kg4 53. Nxh4 1/2-1/2

[Event "Atlantic Closed"]
[Site "Charlottetown CAN"]
[Date "1998.08.03"]
[Round "4"]
[White "Mayo, Alvah"]
[Black "Cooper, Aaron"]
[Result "1-0"]
[WhiteElo "2088"]
[BlackElo "1974"]
[PlyCount "57"]
[GameId "2160767911806857"]
[EventDate "1998.08.01"]
[EventType "tourn"]
[EventRounds "5"]
[EventCountry "CAN"]

1. d4 g6 2. e4 Bg7 3. Nc3 c6 4. Bc4 d6 5. Nf3 Nf6 6. Qe2 Bg4 7. Bb3 Nbd7 8. e5 dxe5 9. dxe5 Nd5 10. Nxd5 cxd5 11. Bxd5 Nxe5 12. Qb5+ Qd7 13. Qxb7 Qxb7 14. Bxb7 Bxf3 15. Bxf3 Nxf3+ 16. gxf3 O-O 17. c3 Rab8 18. Kd1 a5 19. Kc2 Rfc8 20. Bd2 a4 21. Rae1 Rb7 22. Re4 a3 23. b3 Rc5 24. Ra4 Rbc7 25. c4 Bb2 26. Be3 Rh5 27. Ra7 Rxa7 28. Bxa7 Rf5 29. Be3 1-0

[Event "Atlantic Closed"]
[Site "Charlottetown CAN"]
[Date "1998.08.03"]
[Round "4"]
[White "McKim, Fred"]
[Black "Saunders, Stephen"]
[Result "0-1"]
[WhiteElo "2030"]
[BlackElo "2023"]
[PlyCount "144"]
[GameId "2160767911806858"]
[EventDate "1998.08.01"]
[EventType "tourn"]
[EventRounds "5"]
[EventCountry "CAN"]

1. Nc3 c5 2. e4 Nc6 3. Bb5 Nd4 4. Nf3 Nxb5 5. Nxb5 d6 6. O-O Nf6 7. Re1 e5 8. h3 Be7 9. c3 a6 10. Na3 O-O 11. d4 cxd4 12. cxd4 exd4 13. Qxd4 h6 14. Bf4 Be6 15. Red1 d5 16. e5 Ne4 17. Be3 Rc8 18. Rac1 Qa5 19. Qb6 Qxb6 20. Bxb6 Bxa3 21. bxa3 Nc3 22. Rd2 Ne2+ 23. Rxe2 Rxc1+ 24. Kh2 Rfc8 25. Nd4 Rb1 26. Nb3 Rc4 27. Rd2 Ra4 28. Bc5 Re1 29. Bd6 Rae4 30. Nd4 Rb1 31. Nb3 Ree1 32. Rc2 Kh7 33. Kg3 Red1 34. Bc5 Rd3+ 35. f3 Rbd1 36. Bb4 Rf1 37. Rc7 d4 38. Nc5 Re3 39. Nxe6 fxe6 40. Kf4 Re2 41. Rd7 Rd1 42. g4 Rf2 43. Bf8 Rdf1 44. Bxg7 Rxf3+ 45. Ke4 Rf4+ 46. Kd3 R1f3+ 47. Kc4 d3+ 48. Kc3 Rf7 49. Rxf7 Rxf7 50. Bf6 Rd7 51. Kd2 Rd4 52. Be7 Rd5 53. Bd6 h5 54. gxh5 Kh6 55. h4 Kxh5 56. Be7 Rd4 57. Kd1 Rd5 58. Kd2 b5 59. Bf6 Kg6 60. Be7 Rxe5 61. Kxd3 Re1 62. Kd4 Rd1+ 63. Kc5 Kf7 64. Bg5 Rd3 65. Kb4 Rd4+ 66. Kb3 Kg6 67. Kc3 Ra4 68. Be7 Rc4+ 69. Kb3 e5 70. Bd6 e4 71. Bf4 Kh5 72. Bg5 Rc6 0-1